书目信息 |
| 题名: |
预防医学、微生物学及检验技术
|
|
| 作者: | 王秀茹 主编 | |
| 分册: | ||
| 出版信息: | 北京 人民卫生出版社 2002.04 |
|
| 页数: | 1171页 | |
| 开本: | 26cm | |
| 丛书名: | ||
| 单 册: | ||
| 中图分类: | R117 | |
| 科图分类: | ||
| 主题词: | 卫生学:基础理论 | |
| 电子资源: | ||
| ISBN: | 7-117-04730-5 | |
| 000 | 00595nam0 2200193 450 | |
| 001 | 0456119257 | |
| 005 | 20041201153621.26 | |
| 010 | @a7-117-04730-5@dCNY 106.00 | |
| 100 | @a20041201d2002 km y0chiy0120 ea | |
| 101 | 0 | @achi |
| 102 | @aCN@b110000 | |
| 200 | 1 | @a预防医学、微生物学及检验技术@Ayu fang yi xue、wei sheng wu xue ji jian yan ji shu@f王秀茹主编@Fwang xiu ru zhu bian |
| 210 | @a北京@c人民卫生出版社@d2002.04 | |
| 215 | @a1171页@d26cm | |
| 606 | 0 | @a卫生学:基础理论 |
| 690 | @aR117@v4 | |
| 701 | 0 | @a王秀茹@Awang xiu ru@4主编 |
| 801 | 0 | @aCN@bPFT@c20041201 |
| 905 | @a10447@dR117@eW397 | |
| 预防医学、微生物学及检验技术/王秀茹主编.-北京:人民卫生出版社,2002.04 |
| 1171页;26cm |
| ISBN 7-117-04730-5:CNY 106.00 |
| ● |
| 相关链接 |
|
|
|
正题名:预防医学、微生物学及检验技术
索取号:R117/W397
 
预约/预借
| 序号 | 登录号 | 条形码 | 馆藏地/架位号 | 状态 | 备注 |
| 1 | 429015 | 204290150 | 自科库401/401自科库 103排3列3层/ [索取号:R117/W397] | 在馆 |